| 000 | 00753nam a2200193 a 4500 | ||
|---|---|---|---|
| 001 | 000036598 | ||
| 005 | 20200930075824.0 | ||
| 008 | 120123s1985 sp a 000 0 spa d | ||
| 040 |
_aDO-SdBNP _bspa _cBNPHU |
||
| 100 | 1 |
_aRoper, Nancy _962244 |
|
| 245 | 1 | 0 |
_aProceso atención enfermería : _bmodelos de aplicación / _cAutoras Nancy Roper, Winifred W. Logan, Alison J. Tierney ; traducción Esther Sánchez Lozano. |
| 260 |
_aMadrid : _bInteramericana, _c1985. |
||
| 300 |
_axii, 121 p. : _bil. ; _c28 cm. |
||
| 650 | 2 | 4 |
_aEnfermería _xProblemas, ejercicios, etc. _962874 |
| 650 | 2 | 4 |
_aEnfermería _xCasos de estudio _962875 |
| 700 | 1 |
_aLogan, Winifred W. _962245 |
|
| 700 | 1 |
_aTierney, Alison J. _962246 |
|
| 700 | 1 |
_aSánchez Lozano, Esther, _etrad. _962876 |
|
| 999 |
_c36089 _d36089 |
||